| 000 | 00583nam a2200169 i 4500 | ||
|---|---|---|---|
| 001 | 59719 | ||
| 003 | ES-MaACL | ||
| 005 | 20230906164103.0 | ||
| 007 | t| | ||
| 008 | 031030s1913 fr ||||1| fre d | ||
| 100 | 1 |
_aEnríques, Federigo. _947274 |
|
| 245 | 1 | 4 |
_aLes concepts fondamentaux de la science _b: leur signification réelle et leur acquisition psychologique / _cFederigo Enríques Federigo ; traduit par L. Rougier. |
| 260 |
_aParis : _b[s.n.], _c1913 ( _fHemmerlé et Cie.) |
||
| 300 |
_a31 p. ; _c19 cm. |
||
| 700 | 1 |
_aRougier, Louis. _9100019 |
|
| 852 |
_aES-MaACL _jF-6174 |
||
| 999 |
_c59719 _d59719 |
||